000 00668nam a22001937a 4500
003 OSt
005 20250703054901.0
008 250703b |||||||| |||| 00| 0 eng d
040 _aDWCL - Main lib
_cOC
082 _aFil. 657.45 F897p 2012
100 _aSolita A. Frias
245 _aPractical set in practical auditing :
_bGrace Corporation : accounting year-end December 31, 2011/
_cSolita A. Frias
250 _a 2012 edition.
260 _aManila :
_bGrace Corporation,
_cc2012.
300 _axi, various pagings ;
_c27 cm.
650 _a1. Auditing--Grace Corporation.
700 _aMa. Elenita B. Cabrera
942 _2ddc
_cBK - FIL
_e2012 edition.
_kFil.
_n0
999 _c3365
_d3365